| 000 | 00932nam a2200205Ii 4500 | ||
|---|---|---|---|
| 003 | JO-AjNU | ||
| 008 | 230605s9999||||xx |||||||||||||| ||und|| | ||
| 040 |
_aJO-AjNU _bara _erda _cJO-AjNU |
||
| 041 | _aara | ||
| 050 | 1 | 4 | _aBF31.H35.2005 |
| 100 | 3 |
_aحجازي، سمير سعيد, _eauthor _929962 |
|
| 245 | 0 | 0 | _a معجم المصطلحات الحديثة في علم النفس و الاجتماع و نظرية المعرفة : عربي - فرنسي، وملحق فرنسي - عربي |
| 250 | _aط1 | ||
| 264 | 3 | 1 | _aبيروت : دار الكتب العلمية، 2005 |
| 300 |
_a303ص _bيشتمل على مراجع ببلوغرافيةص(293-303) |
||
| 336 |
_atext _btxt _2rdacontent |
||
| 337 |
_aunmediated _bn _2rdamedia |
||
| 338 |
_avolume _bnc _2rdacarrier |
||
| 650 | 4 |
_aعلوم إنسانية -- معاجم -- علم نفس -- معاجم -- علم اجتماع -- معاجم -- نظرية المعرفة _929963 |
|
| 999 |
_aA11819 _c15387 _d15387 |
||